000 00492nam a2200181Ia 4500
001 16501
003 IN-NITTTR
005 20251114233156.0
008 251113s9999||||xx |||||||||||||| ||eng||
040 _beng
040 _cIN-NITTTR
041 _aeng
082 _a331.48164 I9
100 _aAndrea Menefee Singh, Kelles-Viitanen
245 0 _aInvisible hands :
_b women in home- based production /
_cAndrea Menefee Singh, Kelles-Viitanen, Anita
700 _a Anita,
942 _2ddc
_cBK
999 _c19135
_d19135